000 00675nam a2200217 a 4500
001 000014735
005 20200929163908.0
008 100119s1989 sp 000 0 spa d
020 _a8420604054
040 _aDO-SdBNP
_bspa
_cBNPHU
082 _a863.64
_bP461L
100 1 _aPerrucho, Juan,
_d1920-2003
_933417
245 1 4 _aLos laberintos bizantinos :
_bun viaje con esprectos /
_cJuan Perucho.
260 _aMadrid :
_bAlianza,
_c1989.
300 _a210, [6] p. ;
_c18 cm.
490 1 _aEl libro de bolsillo
_v1405
650 4 _aNovela espaƱola
_91123
650 4 _aLiteratura espaƱola
_ySIGLO XX
_93326
830 3 _aEl libro de bolsillo ;
_v1405
_94072
049 _aBNGR
999 _c14318
_d14318